000 00843nam a22002657a 4500
999 _c15454
_d15454
003 MIRAKIL
005 20240221114537.0
008 240221b tu ||||| |||| 00| 0 tur d
020 _a9786057670700
040 _aTR-AnCHP
_cTR-AnCHP
041 _atur
082 _a819.1092
_bT21y 2021
090 _a819.1092 T21y 2021
100 1 _aTatcı, Mustafa
245 1 0 _aYunus Emre :
_bmenkıbeler ve minyatürlerle/
_cMustafa Tatcı ; editör : Leyla İpekçi.
250 _a1. bs.
260 _aİstanbul :
_bH Yayınları,
_c2021.
300 _a64 sayfa :
_bresim ;
_c24 cm.
490 0 _aH Yayınları ;
_v212.
650 0 _97574
_aTasavvuf edebiyatı
650 0 _97576
_aYunus Emre
650 0 _97575
_aTasavvuf şiiri
856 _zDijital Nüshası için Partimizin Kütüphane Sorumlusu ile iletişime geçiniz.
942 _2ddc
_cBKS